[Event "52nd World Juniors 2013"]
[Site "Kocaeli TUR"]
[Date "2013.09.24"]
[Round "11.28"]
[White "Georgiadis, Nico"]
[Black "Ashiku, Franc"]
[Result "1-0"]
[WhiteTitle "FM"]
[WhiteElo "2396"]
[BlackElo "2253"]
[WhiteFideId "1300113"]
[BlackFideId "4700066"]
[EventDate "2013.09.13"]

1. e4 e6 2. d4 d5 3. Nc3 Nf6 4. Bg5 dxe4 5. Nxe4 Be7 6. Bxf6 gxf6 7. Qd2 a6 8.
f4 f5 9. Nc3 b5 10. Nf3 c5 11. O-O-O Bb7 12. d5 b4 13. Bc4 bxc3 14. Qxc3 Bf6 15.
Qb3 Qc7 16. dxe6 Nc6 17. Qe3 Nd4 18. exf7+ Kf8 19. c3 Be4 20. Nd2 Rb8 21. Nxe4
Qb7 22. Rd2 Qxe4 23. Re1 Qxe3 24. Rxe3 Nb5 25. Rd7 Rc8 26. a4 Nd4 27. Bxa6 Nb3+
28. Kc2 Rb8 29. Bb5 c4 30. Rc7 Kg7 31. Rg3+ Kh6 32. Rc6 Rbd8 33. Rxf6+ Kh5 34.
Rg5+ 1-0

[Event "52nd World Juniors 2013"]
[Site "Kocaeli TUR"]
[Date "2013.09.24"]
[Round "11.30"]
[White "Lozhnikov, Vyacheslav"]
[Black "Koksal, Ege"]
[Result "0-1"]
[WhiteTitle "FM"]
[BlackTitle "CM"]
[WhiteElo "2339"]
[BlackElo "2207"]
[WhiteFideId "13704761"]
[BlackFideId "6317626"]
[EventDate "2013.09.13"]

1. d4 d5 2. c4 c6 3. Nf3 Nf6 4. e3 Bf5 5. Nc3 e6 6. Bd3 Bxd3 7. Qxd3 Nbd7 8. O-O
Be7 9. b3 O-O 10. Bb2 Qa5 11. e4 dxe4 12. Nxe4 Rad8 13. Nxf6+ Bxf6 14. Qe2 Rfe8
15. Rfe1 h6 16. a3 b5 17. c5 Qc7 18. Rad1 Nf8 19. g3 Rd5 20. h4 Red8 21. Bc3 a5
22. Qd2 Ra8 23. Qe2 a4 24. bxa4 Rxa4 25. Bb4 Ra8 26. Qe4 Rad8 27. Rd2 Ng6 28.
Red1 h5 29. Rd3 Qd7 30. Ba5 Ra8 31. Bd2 Ra4 32. Bg5 Bxg5 33. Nxg5 e5 34. Qf3
Raxd4 35. Rxd4 Rxd4 36. Rxd4 exd4 37. Qxh5 d3 38. Kf1 d2 39. Qd1 Ne5 40. f4 Nc4
41. Kf2 Qd4+ 0-1

[Event "52nd World Juniors 2013"]
[Site "Kocaeli TUR"]
[Date "2013.09.24"]
[Round "11.31"]
[White "Uysal, Burak"]
[Black "Antal, Tibor Kende"]
[Result "0-1"]
[BlackTitle "FM"]
[WhiteElo "1928"]
[BlackElo "2321"]
[WhiteFideId "6339387"]
[BlackFideId "738581"]
[EventDate "2013.09.13"]

1. e4 c5 2. Nf3 d6 3. d4 cxd4 4. Nxd4 Nf6 5. Nc3 a6 6. Bg5 e6 7. f4 Qc7 8. Bxf6
gxf6 9. Nb3 b5 10. a3 h5 11. Be2 h4 12. Bg4 Nc6 13. Bh3 Qb6 14. Qe2 Bd7 15. a4
b4 16. Nd1 Na5 17. Nxa5 Qxa5 18. O-O Rc8 19. Kh1 Bb5 20. axb5 Qxa1 21. e5 Qa5
22. bxa6 f5 23. Ne3 d5 24. Rd1 Bc5 25. Nf1 Rc6 26. Nd2 Qxa6 27. Qe1 Qb5 28. Ra1
Ra6 29. Nb3 Rxa1 30. Qxa1 Be3 31. g4 hxg3 32. Qa8+ Kd7 33. Qxh8 Qe2 34. hxg3
Qe1+ 35. Bf1 Qxf1+ 36. Kh2 Qg1+ 0-1

[Event "52nd World Juniors 2013"]
[Site "Kocaeli TUR"]
[Date "2013.09.24"]
[Round "11.32"]
[White "Grandadam, Nicolas"]
[Black "Soysal, Serkan"]
[Result "1/2-1/2"]
[WhiteTitle "FM"]
[WhiteElo "2309"]
[BlackElo "2097"]
[WhiteFideId "681806"]
[BlackFideId "6349250"]
[EventDate "2013.09.13"]

1. Nf3 Nf6 2. c4 g6 3. Nc3 d5 4. cxd5 Nxd5 5. Qb3 Nb6 6. d4 Bg7 7. Bf4 Be6 8.
Qc2 Nc6 9. Rd1 Nb4 10. Qb1 N4d5 11. Be5 Nxc3 12. bxc3 O-O 13. e4 Bxe5 14. Nxe5
Qd6 15. Qc1 c5 16. Be2 cxd4 17. cxd4 Rfc8 18. Qh6 Rc2 19. h4 Qb4+ 20. Kf1 f6 21.
Nd3 Qa5 22. d5 Bd7 23. Nf4 Qxa2 24. Re1 Nc4 25. Nxg6 hxg6 26. Qxg6+ Kh8 27. Qh6+
Kg8 28. Qg6+ Kh8 29. Qh6+ Kg8 30. Qg6+ Kh8 1/2-1/2

[Event "52nd World Juniors 2013"]
[Site "Kocaeli TUR"]
[Date "2013.09.24"]
[Round "11.34"]
[White "Kulkarni, Rakesh"]
[Black "Zhanbai Uulu, Zhokhar"]
[Result "1-0"]
[WhiteElo "2283"]
[BlackElo "1843"]
[WhiteFideId "5037077"]
[BlackFideId "13800809"]
[EventDate "2013.09.13"]

1. e4 d6 2. d4 g6 3. Nc3 Bg7 4. Be3 c6 5. Qd2 Qc7 6. f3 a6 7. g4 b5 8. h4 h6 9.
Nge2 a5 10. a3 Nd7 11. Ng3 Rb8 12. f4 b4 13. axb4 axb4 14. Nd1 c5 15. c3 e5 16.
dxe5 dxe5 17. f5 Ne7 18. Be2 Nc6 19. O-O g5 20. Nh5 Rg8 21. hxg5 hxg5 22. Bxg5
Bb7 23. Ne3 Nb6 24. Nd5 Nxd5 25. exd5 Nd4 26. cxd4 Bxd5 27. dxe5 Bxe5 28. Bf4
Bxf4 29. Qxf4 Qxf4 30. Nf6+ 1-0

[Event "52nd World Juniors 2013"]
[Site "Kocaeli TUR"]
[Date "2013.09.24"]
[Round "11.35"]
[White "Farid, Firman Syah"]
[Black "Karaokcu, Erkin"]
[Result "0-1"]
[WhiteTitle "IM"]
[WhiteElo "2433"]
[BlackElo "2014"]
[WhiteFideId "7102526"]
[BlackFideId "6348459"]
[EventDate "2013.09.13"]

1. d4 Nf6 2. c4 g6 3. Nc3 d5 4. cxd5 Nxd5 5. Bd2 Bg7 6. Nf3 Nb6 7. e4 O-O 8. Be3
Bg4 9. Be2 Nc6 10. d5 Bxf3 11. gxf3 Ne5 12. Bd4 c5 13. Bxc5 Nec4 14. Rb1 Nxb2
15. Qb3 Rc8 16. Bb4 N2c4 17. Nb5 a6 18. Na3 a5 19. Bxe7 Qxe7 20. Bxc4 Qb4+ 21.
Qxb4 axb4 22. Be2 bxa3 23. Rxb6 Rc2 24. Rxb7 Rxa2 25. Ra7 Rc8 26. Bd1 Bd4 27.
Ra4 Bxf2+ 28. Kf1 Be3 29. Ke1 Rc1 0-1

[Event "52nd World Juniors 2013"]
[Site "Kocaeli TUR"]
[Date "2013.09.24"]
[Round "11.37"]
[White "Yurtseven, Melih"]
[Black "Asgarizadeh, Ahmad"]
[Result "1-0"]
[WhiteElo "2262"]
[BlackElo "2354"]
[WhiteFideId "6312160"]
[BlackFideId "12505684"]
[EventDate "2013.09.13"]

1. e4 g6 2. d4 d6 3. Bc4 Nf6 4. Qe2 Bg7 5. Nf3 O-O 6. h3 c6 7. Bb3 e5 8. dxe5
dxe5 9. O-O Nbd7 10. c3 Qe7 11. Bc2 b6 12. Rd1 Bb7 13. Bg5 h6 14. Bh4 Rfd8 15.
Nbd2 g5 16. Bg3 Nh5 17. Nf1 Nf4 18. Bxf4 gxf4 19. g3 Nc5 20. Nh4 Ba6 21. Qf3 Ne6
22. Nf5 Qf6 23. h4 Bxf1 24. Kxf1 Bf8 25. Kg2 Ng7 26. Kh3 Nxf5 27. exf5 Be7 28.
Be4 Rac8 29. Qe2 a5 30. a3 c5 31. a4 Kh8 32. Rxd8+ Rxd8 33. Rd1 Rxd1 34. Qxd1
Qd6 35. Qxd6 Bxd6 36. f6 Bc7 37. g4 Kg8 38. g5 hxg5 39. hxg5 Bd6 40. Kg4 c4 41.
Bd5 Kf8 42. f3 Bc5 43. Bxc4 Be3 44. Bd5 Bc1 45. b4 axb4 46. cxb4 Bd2 47. b5 Bb4
48. Kh5 Bc3 49. Kh6 Be1 50. Kh7 1-0

[Event "52nd World Juniors 2013"]
[Site "Kocaeli TUR"]
[Date "2013.09.24"]
[Round "11.38"]
[White "Meftahi, Houssem"]
[Black "Tomazini, Zan"]
[Result "0-1"]
[BlackTitle "FM"]
[WhiteElo "2076"]
[BlackElo "2277"]
[WhiteFideId "5501660"]
[BlackFideId "14608162"]
[EventDate "2013.09.13"]

1. e4 c5 2. Nf3 d6 3. d4 cxd4 4. Nxd4 Nf6 5. Nc3 g6 6. Be3 a6 7. f3 Bg7 8. Qd2
Nbd7 9. g4 b5 10. a4 bxa4 11. Rxa4 Bb7 12. Nb3 Ne5 13. Be2 O-O 14. h4 Qc7 15.
Bh6 Bxh6 16. Qxh6 d5 17. Nd2 dxe4 18. Ndxe4 Bxe4 19. Nxe4 Qxc2 20. h5 Qb1+ 21.
Bd1 Rfd8 22. Nc3 Qxb2 0-1

[Event "52nd World Juniors 2013"]
[Site "Kocaeli TUR"]
[Date "2013.09.24"]
[Round "11.39"]
[White "Vucic, Mihovil"]
[Black "Chu, Wei Chao"]
[Result "1/2-1/2"]
[WhiteElo "2063"]
[BlackElo "2270"]
[WhiteFideId "14514990"]
[BlackFideId "8605661"]
[EventDate "2013.09.13"]

1. e4 c5 2. Nf3 d6 3. c3 Nf6 4. h3 Nbd7 5. Bd3 b6 6. O-O Bb7 7. Re1 Qc7 8. Bc2
Rc8 9. Na3 e6 10. Nb5 Qb8 11. d4 a6 12. Na3 cxd4 13. cxd4 Be7 14. Qe2 b5 15. Nb1
O-O 16. a3 Rfe8 17. Nc3 Qa8 18. Bg5 Nf8 19. Rad1 N6d7 20. Bb1 Nb6 21. Bxe7 Rxe7
22. e5 Bxf3 23. gxf3 d5 24. f4 g6 25. Kh2 Qb8 26. Rg1 f5 27. Na2 Na4 28. h4 Qb6
29. Rg3 Qd8 30. Rdg1 Rg7 31. Rh3 Qe7 32. Nb4 Qa7 33. Qd2 a5 34. Na2 Nb6 35. b3
a4 36. Nc3 axb3 37. Nxb5 Qa4 38. Nd6 Nc4 39. Qb4 Qxb4 40. axb4 Nxd6 41. exd6 Rb7
42. Rxb3 Rcb8 43. Rc1 Rxb4 44. Rxb4 Rxb4 45. Rc8 Kf7 46. Bd3 Rb6 47. Rd8 Rb7 48.
Rc8 Rb6 1/2-1/2

[Event "52nd World Juniors 2013"]
[Site "Kocaeli TUR"]
[Date "2013.09.24"]
[Round "11.40"]
[White "Ferreira, Jorge Viterbo"]
[Black "Igonin, Temur"]
[Result "1/2-1/2"]
[WhiteTitle "FM"]
[BlackTitle "FM"]
[WhiteElo "2426"]
[BlackElo "2074"]
[WhiteFideId "1910850"]
[BlackFideId "14203049"]
[EventDate "2013.09.13"]

1. e4 e5 2. Nf3 Nc6 3. Nc3 Nf6 4. d4 exd4 5. Nxd4 Bb4 6. Nxc6 bxc6 7. Bd3 d5 8.
exd5 cxd5 9. O-O O-O 10. h3 c6 11. Qf3 h6 12. Ne2 Bd6 13. Bd2 Be5 14. c3 Rb8 15.
b4 Ne4 16. Bxe4 dxe4 17. Qxe4 Ba6 18. Rfd1 Re8 19. Be3 Bh2+ 20. Kxh2 Rxe4 21.
Rxd8+ Rxd8 22. Nd4 Rc8 23. Nf5 Re5 24. g4 Bd3 25. Bd4 Re2 26. Nxg7 Bg6 27. Nf5
Bxf5 28. gxf5 a6 29. Rg1+ Kf8 30. Rg4 Rxa2 31. Rh4 a5 32. Rxh6 Ke7 33. Bc5+ Kd7
34. Rh7 Ke8 35. Rh4 a4 36. Re4+ Kd8 37. f6 a3 38. Bb6+ Kd7 39. Re7+ Kd6 40. c4
c5 41. Bxc5+ Rxc5 42. bxc5+ Kxc5 43. Kg3 Kb6 44. Re8 Ra1 45. Ra8 a2 46. Kg2 Kc6
47. h4 Kd6 48. h5 Rc1 49. Rxa2 Rxc4 50. Re2 Rh4 51. Re7 Rxh5 52. Rxf7 Ke6 53.
Rf8 Rg5+ 54. Kf3 Rf5+ 55. Kg2 Rxf6 56. Ra8 Kf5 57. Kg3 Rb6 58. Ra5+ Kg6 59. Kg4
Rb4+ 60. f4 Rb6 61. Rg5+ Kf6 62. Rh5 Kg6 63. f5+ Kg7 64. Kg5 Rb1 65. f6+ Kg8 66.
Kg6 Rg1+ 67. Kf5 Rf1+ 68. Ke6 Re1+ 69. Re5 Rxe5+ 70. Kxe5 Kf7 71. Kf5 Kf8 72.
Kg6 Kg8 73. f7+ Kf8 74. Kf6 1/2-1/2

[Event "52nd World Juniors 2013"]
[Site "Kocaeli TUR"]
[Date "2013.09.24"]
[Round "11.41"]
[White "Pecurica, Milos"]
[Black "Nagy, Gabor1"]
[Result "1-0"]
[BlackTitle "IM"]
[WhiteElo "2190"]
[BlackElo "2457"]
[WhiteFideId "944963"]
[BlackFideId "737119"]
[EventDate "2013.09.13"]

1. a3 Nf6 2. c4 g6 3. Nc3 Bg7 4. e4 O-O 5. g3 e6 6. d4 d5 7. e5 Nfd7 8. cxd5
exd5 9. f4 c5 10. dxc5 Nxc5 11. Be3 Ne6 12. Qxd5 Bd7 13. Bg2 Qe8 14. Qxb7 Bc6
15. Bxc6 Nxc6 16. O-O-O f6 17. Rd6 Rc8 18. Qb3 Nd8 19. Nf3 Kh8 20. Kb1 Rf7 21.
Re1 Bf8 22. Ra6 Rb7 23. Qa4 Qf7 24. Ne4 Rxb2+ 25. Kxb2 Qb7+ 26. Ka1 Rb8 27. Bb6
Nc7 28. Bd4 Nxa6 29. exf6 Ne6 30. Be5 Rd8 31. Nfg5 Qc8 32. Nxe6 Qxe6 33. Ng5 Qc8
34. Nf7+ Kg8 35. Nxd8 Nc5 36. f7# 1-0

[Event "52nd World Juniors 2013"]
[Site "Kocaeli TUR"]
[Date "2013.09.24"]
[Round "11.43"]
[White "Temizkan, Denizcan"]
[Black "Arvola, Benjamin"]
[Result "0-1"]
[BlackTitle "FM"]
[WhiteElo "1921"]
[BlackElo "2354"]
[WhiteFideId "6325157"]
[BlackFideId "1506536"]
[EventDate "2013.09.13"]

1. d4 Nf6 2. c4 g6 3. Nc3 d5 4. Nf3 Bg7 5. Bf4 O-O 6. e3 c6 7. Be2 Be6 8. Ng5
Bf5 9. Qb3 Qb6 10. Qa3 Nbd7 11. O-O Rfe8 12. cxd5 Nxd5 13. Bc4 h6 14. Nf3 Nxf4
15. exf4 Bg4 16. Ne5 Nxe5 17. dxe5 Qd4 18. Qb3 Qxf4 19. Rae1 b5 20. Re4 bxc4 21.
Qxc4 Qd2 22. Rxg4 e6 23. f4 Red8 24. Kh1 Qxb2 25. Rg3 Qb6 26. Ne4 Qb5 27. Qc1
Rd4 28. Nd6 Qd5 29. Qb1 Rf8 30. Re3 Rd8 31. Rg3 Bf8 32. f5 exf5 33. h3 Bxd6 34.
exd6 Rxd6 35. Qxf5 Qxa2 36. Ra3 Qc4 37. Qf2 Qxf1+ 0-1

[Event "52nd World Juniors 2013"]
[Site "Kocaeli TUR"]
[Date "2013.09.24"]
[Round "11.44"]
[White "Franklin, Samuel G A"]
[Black "Sahin, Ozgun"]
[Result "1-0"]
[WhiteTitle "FM"]
[WhiteElo "2353"]
[BlackElo "1857"]
[WhiteFideId "468576"]
[BlackFideId "6328121"]
[EventDate "2013.09.13"]

1. e4 d5 2. exd5 Qxd5 3. Nf3 Nf6 4. d4 Bg4 5. Be2 e6 6. h3 Bh5 7. O-O Be7 8. c4
Qd8 9. Qb3 Qc8 10. Nc3 O-O 11. Bf4 c6 12. g4 Bg6 13. Ne5 Nfd7 14. Nxg6 hxg6 15.
Bf3 g5 16. Be3 Kh8 17. Rad1 f5 18. Rfe1 g6 19. c5 e5 20. gxf5 gxf5 21. Qe6 Bf6
22. Qxf5 exd4 23. Be4 Rf7 24. Bxd4 Qg8 25. Qg4 Qg7 26. Qh5+ Kg8 27. Be3 Nf8 28.
Bc2 1-0

[Event "52nd World Juniors 2013"]
[Site "Kocaeli TUR"]
[Date "2013.09.24"]
[Round "11.45"]
[White "Mamyrbay, Assad"]
[Black "Kathmale, Sameer"]
[Result "1-0"]
[WhiteElo "1823"]
[BlackElo "2339"]
[WhiteFideId "13708880"]
[BlackFideId "5024498"]
[EventDate "2013.09.13"]

1. e4 c6 2. Nc3 d5 3. Nf3 Bg4 4. h3 Bxf3 5. Qxf3 Nf6 6. Be2 e5 7. O-O d4 8. Nb1
Nbd7 9. d3 h6 10. c3 c5 11. Nd2 b5 12. Qg3 g6 13. cxd4 cxd4 14. f4 Bd6 15. fxe5
Nxe5 16. Qf2 Nfd7 17. Nb3 Rc8 18. Nxd4 a6 19. Nf3 Qe7 20. d4 Nc4 21. b3 Ncb6 22.
Bd3 Bb8 23. Bd2 g5 24. a3 Rg8 25. Bb4 Qf6 26. e5 Qg7 27. Be4 Ba7 28. Bd6 Rc3 29.
Nd2 Nc8 30. Bb4 Rc7 31. Rac1 Rxc1 32. Rxc1 Ne7 33. Bc6 Nxc6 34. Rxc6 Kd8 35. Nf3
Qh7 36. Qe1 Rg6 37. Bd6 Bb6 38. Qc1 Nxe5 39. Rc8+ Kd7 40. Nxe5+ 1-0

[Event "52nd World Juniors 2013"]
[Site "Kocaeli TUR"]
[Date "2013.09.24"]
[Round "11.46"]
[White "Bornheim, Craig"]
[Black "Neves, Pedro"]
[Result "0-1"]
[WhiteTitle "CM"]
[WhiteElo "1973"]
[BlackElo "2212"]
[WhiteFideId "14300370"]
[BlackFideId "1905554"]
[EventDate "2013.09.13"]

1. d4 Nf6 2. c4 e6 3. Nf3 c5 4. d5 exd5 5. cxd5 d6 6. Nc3 g6 7. e4 Bg7 8. h3 O-O
9. Bd3 b6 10. Bf4 Re8 11. O-O h6 12. Nd2 Nh5 13. Bh2 Be5 14. f4 Bd4+ 15. Kh1 Ba6
16. Bxa6 Nxa6 17. f5 Be5 18. Qf3 Rf8 19. Bxe5 dxe5 20. Nc4 Nb4 21. Rac1 Qh4 22.
Kh2 Qf4+ 23. g3 Qxf3 24. Rxf3 Nf6 25. a3 Na6 26. fxg6 fxg6 27. Rcf1 Kg7 28. Nxe5
Rae8 29. Nc4 Nc7 30. d6 Ne6 31. e5 Nd7 32. Kg2 a6 33. a4 Rxf3 34. Rxf3 Nd4 35.
Re3 b5 36. axb5 axb5 37. e6 Rxe6 38. Rxe6 Nxe6 39. Nxb5 Kf6 40. Kf3 Ng5+ 41. Kg4
h5+ 42. Kf4 Nxh3+ 43. Ke4 Ng5+ 44. Kd5 Ne6 45. Nc7 Nef8 46. Na6 g5 47. Nxc5 Nxc5
48. Kxc5 h4 49. Kc6 hxg3 50. Ne3 Ke5 51. b4 Kf4 52. Ng2+ Kf3 53. b5 Kxg2 54. b6
Ne6 55. b7 Nd8+ 56. Kc7 Nxb7 57. Kxb7 Kh3 58. d7 g2 59. d8=Q g1=Q 60. Qh8+ Kg2
61. Qe5 Qb1+ 62. Kc6 Qc2+ 63. Kd5 Qd3+ 64. Ke6 g4 65. Qb2+ Kf3 66. Qf6+ Ke2 67.
Qb2+ Qd2 68. Qb5+ Kf3 69. Qc6+ Kf2 70. Kf5 g3 71. Qc5+ Qe3 72. Qc2+ Kg1 73. Kg4
g2 74. Qb1+ Kh2 75. Qh7+ Kg1 76. Qb1+ Kf2 77. Qf5+ Ke2 78. Qc2+ Qd2 79. Qe4+ Kf1
80. Qb1+ Kf2 81. Qb6+ Qe3 82. Qf6+ Ke2 83. Qb2+ Qd2 84. Qe5+ Kf2 85. Qf4+ Ke1
86. Kf3 Qf2+ 0-1

[Event "52nd World Juniors 2013"]
[Site "Kocaeli TUR"]
[Date "2013.09.24"]
[Round "11.48"]
[White "Karabayir, Mustafa Yilmaz"]
[Black "Yuksel, Atilla Koksal"]
[Result "1/2-1/2"]
[BlackTitle "CM"]
[WhiteElo "1926"]
[BlackElo "2060"]
[WhiteFideId "6300090"]
[BlackFideId "6306667"]
[EventDate "2013.09.13"]

1. e4 e5 2. Nf3 Nf6 3. Nxe5 d6 4. Nf3 Nxe4 5. Qe2 Qe7 6. d3 Nf6 7. Bg5 Qxe2+ 8.
Bxe2 Be7 9. Nc3 c6 10. O-O-O O-O 11. Rhe1 h6 12. Bxf6 Bxf6 13. Ne4 Be7 14. Nc3
Bf6 15. Ne4 Be7 16. d4 Nd7 17. Bd3 Nf6 18. Nxf6+ Bxf6 19. h3 Be6 20. a3 Bd5 21.
Be4 Bxe4 22. Rxe4 Rae8 23. Rxe8 Rxe8 24. c3 Re2 25. Rd2 Re8 26. Kc2 Kf8 27. Kd3
Ke7 28. Ke4 Ke6 1/2-1/2

[Event "52nd World Juniors 2013"]
[Site "Kocaeli TUR"]
[Date "2013.09.24"]
[Round "11.49"]
[White "Heinechen, John"]
[Black "Du Plessis, Heinco"]
[Result "0-1"]
[WhiteElo "1901"]
[BlackElo "2050"]
[WhiteFideId "3700976"]
[BlackFideId "14306263"]
[EventDate "2013.09.13"]

1. e4 c6 2. d4 d5 3. e5 Bf5 4. h4 c5 5. g4 Bd7 6. c3 e6 7. Nf3 Nc6 8. Bd3 Qb6 9.
dxc5 Bxc5 10. Qe2 O-O-O 11. b4 Be7 12. a4 f6 13. a5 Qc7 14. Bf4 fxe5 15. Nxe5
Bd6 16. Nxc6 bxc6 17. Bg5 Nf6 18. Nd2 e5 19. b5 cxb5 20. Bxb5 Bxg4 21. Ba6+ Kd7
22. f3 Bf5 23. Bb5+ Ke7 24. c4 d4 25. f4 Kf7 26. fxe5 Bxe5 27. O-O d3 28. Qf3
Bxa1 29. Rxa1 g6 30. Re1 a6 31. Bc6 Rd6 32. Ba4 Re6 33. Rxe6 Kxe6 34. Qe3+ Kf7
35. c5 h6 36. Bb3+ Kg7 37. Bf4 Re8 38. Qd4 Re1+ 39. Kf2 Re2+ 40. Kg1 Qc6 41.
Bxh6+ Kxh6 42. Qf4+ Kg7 43. Nf3 Qxc5+ 44. Nd4 0-1

[Event "52nd World Juniors 2013"]
[Site "Kocaeli TUR"]
[Date "2013.09.24"]
[Round "11.50"]
[White "Zeydan, Salih"]
[Black "Pon, Matt"]
[Result "0-1"]
[BlackTitle "FM"]
[WhiteElo "1968"]
[BlackElo "1919"]
[WhiteFideId "6361722"]
[BlackFideId "14301644"]
[EventDate "2013.09.13"]

1. e4 e5 2. Nf3 Nc6 3. d4 exd4 4. Nxd4 Nf6 5. Nxc6 bxc6 6. e5 Qe7 7. Qe2 Nd5 8.
c4 Ba6 9. b3 g6 10. f4 Bg7 11. Qf2 Nb6 12. Ba3 Qe6 13. Nd2 d6 14. O-O-O O-O 15.
c5 Bxf1 16. Rhxf1 Nd5 17. cxd6 Nc3 18. dxc7 Rfc8 19. Nf3 Nxd1 20. Rxd1 Rxc7 21.
Rd6 Qg4 22. Qd2 Bf8 23. e6 fxe6 24. Ng5 Qf5 25. Nxe6 Bxd6 26. Qxd6 Rf7 27. Bb2
Qe4 28. Be5 Qd5 29. Ng5 Qxd6 30. Bxd6 Rd7 31. Be5 Rad8 32. Ne4 Rd1+ 33. Kc2 Rg1
34. g3 Rg2+ 35. Kc3 Rxa2 36. h4 h6 37. Nf6+ Kf7 38. Ng4 h5 39. Nh6+ Ke6 40. g4
hxg4 41. Nxg4 Rg2 42. Nf6 Kf5 0-1

[Event "52nd World Juniors 2013"]
[Site "Kocaeli TUR"]
[Date "2013.09.24"]
[Round "11.51"]
[White "Thompson, Robert"]
[Black "Baasansuren, Erdene"]
[Result "1-0"]
[BlackTitle "CM"]
[WhiteElo "1966"]
[BlackElo "1844"]
[WhiteFideId "417513"]
[BlackFideId "4902084"]
[EventDate "2013.09.13"]

1. Nf3 Nf6 2. c4 e6 3. g3 d5 4. Bg2 Be7 5. O-O O-O 6. d4 b6 7. cxd5 exd5 8. Nc3
Bb7 9. Ne5 Na6 10. Qa4 c5 11. Bg5 Ne4 12. Bxe7 Nxc3 13. bxc3 Qxe7 14. Bxd5 Bxd5
15. Qxa6 f6 16. Nf3 cxd4 17. cxd4 Qe6 18. Nd2 Rfe8 19. Rfe1 f5 20. a3 Rac8 21.
Qd3 Rc7 22. f3 Rce7 23. e4 fxe4 24. fxe4 Qg6 25. Re3 Bxe4 26. Qc4+ Qe6 27. d5
Qxd5 28. Rxe4 Qxc4 29. Rxc4 1-0

[Event "52nd World Juniors 2013"]
[Site "Kocaeli TUR"]
[Date "2013.09.24"]
[Round "11.52"]
[White "Zor, Alber Kadir"]
[Black "Kitir, Ahmet"]
[Result "0-1"]
[WhiteElo "1948"]
[BlackElo "1866"]
[WhiteFideId "6353169"]
[BlackFideId "6327737"]
[EventDate "2013.09.13"]

1. c3 d5 2. d3 Nf6 3. Nf3 Nbd7 4. g3 e5 5. Bg2 Bd6 6. O-O c6 7. Nbd2 O-O 8. e4
Re8 9. Qc2 b6 10. Re1 Bb7 11. Nf1 dxe4 12. dxe4 c5 13. Nh4 g6 14. Bg5 Qc7 15.
Rad1 Bf8 16. Qc1 c4 17. Re2 Re6 18. f3 Nc5 19. Ne3 Nd3 20. Qd2 Rd8 21. Bh3 Red6
22. Bxf6 Rxf6 23. Ng4 Rfd6 24. Nh6+ Bxh6 25. Qxh6 Nf4 26. gxf4 Rxd1+ 27. Kf2
exf4 28. Bg4 Qc5+ 29. Kg2 Rg1+ 30. Kh3 Qe5 31. Ng2 g5 32. Bf5 Qg7 33. Qh5 Bc8
34. Bxc8 Rxc8 35. Rd2 Qf6 36. Rd5 Rc5 0-1

[Event "52nd World Juniors 2013"]
[Site "Kocaeli TUR"]
[Date "2013.09.24"]
[Round "11.53"]
[White "Yargici, Mazhar Kutay"]
[Black "Abdrashev, Arlen"]
[Result "1-0"]
[WhiteElo "1970"]
[BlackElo "1745"]
[WhiteFideId "6310400"]
[BlackFideId "13710257"]
[EventDate "2013.09.13"]

1. d4 Nf6 2. c4 g6 3. Nc3 Bg7 4. e4 d6 5. f4 O-O 6. Nf3 c5 7. d5 e6 8. Bd3 exd5
9. cxd5 b5 10. Bxb5 Nxe4 11. Nxe4 Qa5+ 12. Kf2 Qxb5 13. Nxd6 Qb6 14. Nxc8 Rxc8
15. Ne5 c4+ 16. Kg3 Qd6 17. Re1 Nd7 18. Qf3 Nxe5 19. fxe5 Bxe5+ 20. Bf4 Bxf4+
21. Qxf4 Qxd5 22. Rad1 Qb7 23. Qd4 Qc7+ 24. Qd6 Qa5 25. Qd5 Qxa2 26. Re7 Qb3+
27. Kh4 Rf8 28. Rf1 Qb8 29. Rfxf7 Qxh2+ 30. Kg4 Qh5+ 31. Kg3 1-0

[Event "52nd World Juniors 2013"]
[Site "Kocaeli TUR"]
[Date "2013.09.24"]
[Round "11.54"]
[White "Topac, Ahmet Eren"]
[Black "Aydin, Hasan Bora"]
[Result "0-1"]
[WhiteElo "1800"]
[BlackElo "1848"]
[WhiteFideId "6311873"]
[BlackFideId "6336612"]
[EventDate "2013.09.13"]

1. c4 e5 2. Nc3 Nf6 3. e3 Nc6 4. Nge2 d5 5. cxd5 Nb4 6. d4 Bf5 7. Ng3 Bg6 8. e4
exd4 9. Nb5 Nxe4 10. Nxd4 Qxd5 11. Be3 Nc5 12. Rc1 Ncd3+ 0-1

[Event "52nd World Juniors 2013"]
[Site "Kocaeli TUR"]
[Date "2013.09.24"]
[Round "11.55"]
[White "Atay, Sergen"]
[Black "Percin, Onder"]
[Result "0-1"]
[WhiteElo "1713"]
[BlackElo "1838"]
[WhiteFideId "6309143"]
[BlackFideId "6345190"]
[EventDate "2013.09.13"]

1. c4 e5 2. Nc3 Nc6 3. Nf3 g6 4. g3 Bg7 5. Bg2 d6 6. d3 f5 7. Rb1 a5 8. a3 Nf6
9. Bd2 O-O 10. b4 axb4 11. axb4 h6 12. b5 Ne7 13. Qb3 Be6 14. O-O g5 15. Bxg5
hxg5 16. Nxg5 Bf7 17. Bxb7 Rb8 18. Nxf7 Rxf7 19. Bg2 f4 20. Rfe1 Nf5 21. Ne4 Nd4
22. Qa2 Bh6 23. c5 Kg7 24. b6 Nxe4 25. Bxe4 dxc5 26. bxc7 Qxc7 27. Kg2 Rbf8 28.
gxf4 exf4 29. Rg1 Kh8 30. Kh1 Rg7 31. Qa6 Rh7 32. Bxh7 Qxh7 33. Rg6 Nf5 34. Rc1
Bg7 35. Rxc5 Qh3 36. Rg1 Ng3+ 37. fxg3 fxg3 38. Rxg3 Rf1+ 39. Rg1 Rxg1+ 40. Kxg1
Bd4+ 41. Kh1 Qf1# 0-1

[Event "52nd World Juniors 2013"]
[Site "Kocaeli TUR"]
[Date "2013.09.24"]
[Round "11.57"]
[White "Mesic, Vehid"]
[Black "Ertekin, Oguzhan"]
[Result "1-0"]
[WhiteElo "1576"]
[BlackElo "1583"]
[WhiteFideId "14404320"]
[BlackFideId "6337481"]
[EventDate "2013.09.13"]

1. e4 e6 2. d4 d5 3. e5 c5 4. c3 Nc6 5. Nf3 Qb6 6. Bd3 cxd4 7. cxd4 Bb4+ 8. Nc3
Bd7 9. O-O Nxd4 10. Nxd4 Qxd4 11. Nb5 Qxe5 12. Qg4 h5 13. Qxb4 a5 14. Qc5 b6 15.
Qxb6 Qb8 16. Nc7+ 1-0